<?xml version="1.0" encoding="UTF-8"?>
<record
    xmlns:xsi="http://www.w3.org/2001/XMLSchema-instance"
    xsi:schemaLocation="http://www.loc.gov/MARC21/slim http://www.loc.gov/standards/marcxml/schema/MARC21slim.xsd"
    xmlns="http://www.loc.gov/MARC21/slim">

  <leader>01298nam a22002297a 4500</leader>
  <controlfield tag="005">20180803165602.0</controlfield>
  <controlfield tag="008">140822|2010      xxu||||| |||| 00| 0 ck  spa d</controlfield>
  <datafield tag="041" ind1=" " ind2=" ">
    <subfield code="a">spa</subfield>
  </datafield>
  <datafield tag="044" ind1=" " ind2=" ">
    <subfield code="a">ck</subfield>
  </datafield>
  <datafield tag="082" ind1=" " ind2=" ">
    <subfield code="a">323.11</subfield>
    <subfield code="b">A83p</subfield>
  </datafield>
  <datafield tag="100" ind1=" " ind2=" ">
    <subfield code="a">  </subfield>
    <subfield code="9">25961</subfield>
  </datafield>
  <datafield tag="110" ind1=" " ind2=" ">
    <subfield code="a">Colombia</subfield>
    <subfield code="b">Asociaci&#xF3;n Profesionales Nueva Opci&#xF3;n-ASONOP</subfield>
    <subfield code="9">25962</subfield>
  </datafield>
  <datafield tag="245" ind1=" " ind2=" ">
    <subfield code="a">Proyecto Ordenamiento Forestal y Estrategias de Fortalecimiento a la Gobernanza Forestal de la Zona Ind&#xED;gena de Udic de la Cuenca del R&#xED;o Cuduyari, Sector Piloto de la Reserva Forestal de la Amazonia en el Departamento de Vaup&#xE9;s, Jurisdicci&#xF3;n C.D.A. </subfield>
    <subfield code="c"> Asociaci&#xF3;n Profesionales Nueva Opci&#xF3;n-ASONOP</subfield>
  </datafield>
  <datafield tag="260" ind1=" " ind2=" ">
    <subfield code="a">Villavicencio, Colombia</subfield>
    <subfield code="b">Ministerio de Ambiente, Vivienda y Desarrollo Territorial Fondo de Compensaci&#xF3;n Ambiental-FCA </subfield>
    <subfield code="b">Corporaci&#xF3;n para el Desarrollo Sostenible del Norte y el Oriente Amaz&#xF3;nica-CDA Seccional Vaup&#xE9;s</subfield>
    <subfield code="b">Asociaci&#xF3;n Profesionales Nueva Opci&#xF3;n-ASONOP</subfield>
    <subfield code="b">Uni&#xF3;n de Ind&#xED;genas Cubeo del Cauduyari-UDIC</subfield>
    <subfield code="c">2010</subfield>
  </datafield>
  <datafield tag="300" ind1=" " ind2=" ">
    <subfield code="a">44 p.</subfield>
    <subfield code="b">Fot (col), tablas, mapas.</subfield>
    <subfield code="c">29 cm.</subfield>
  </datafield>
  <datafield tag="650" ind1=" " ind2="6">
    <subfield code="a">Ordenamiento territorial</subfield>
    <subfield code="9">92437</subfield>
  </datafield>
  <datafield tag="650" ind1=" " ind2="6">
    <subfield code="a">Grupos &#xE9;tnicos</subfield>
    <subfield code="9">1712</subfield>
  </datafield>
  <datafield tag="650" ind1=" " ind2="6">
    <subfield code="a">Recursos naturales</subfield>
    <subfield code="z"> Amazonas</subfield>
    <subfield code="9">25964</subfield>
  </datafield>
  <datafield tag="700" ind1=" " ind2=" ">
    <subfield code="a">Gonzalez, Servando</subfield>
    <subfield code="e">Trad.</subfield>
    <subfield code="9">25824</subfield>
  </datafield>
  <datafield tag="700" ind1=" " ind2=" ">
    <subfield code="a">Quintero, Franc Dar&#xED;o</subfield>
    <subfield code="e">Trad.</subfield>
    <subfield code="9">25825</subfield>
  </datafield>
  <datafield tag="942" ind1=" " ind2=" ">
    <subfield code="2">ddc</subfield>
    <subfield code="c">LIBRO</subfield>
  </datafield>
  <datafield tag="999" ind1=" " ind2=" ">
    <subfield code="c">8621</subfield>
    <subfield code="d">8621</subfield>
  </datafield>
  <datafield tag="952" ind1=" " ind2=" ">
    <subfield code="0">0</subfield>
    <subfield code="1">0</subfield>
    <subfield code="2">ddc</subfield>
    <subfield code="4">0</subfield>
    <subfield code="7">0</subfield>
    <subfield code="8">GENERAL</subfield>
    <subfield code="I">INV2017</subfield>
    <subfield code="a">Bogota</subfield>
    <subfield code="b">Bogota</subfield>
    <subfield code="d">2014-08-22</subfield>
    <subfield code="e">Instituto</subfield>
    <subfield code="g">39000.00</subfield>
    <subfield code="l">0</subfield>
    <subfield code="o">LB-323.11 A83p</subfield>
    <subfield code="p">034120</subfield>
    <subfield code="r">2014-08-22 00:00:00</subfield>
    <subfield code="t">Ej. 1</subfield>
    <subfield code="w">2014-08-22</subfield>
    <subfield code="x">Donaci&#xF3;n</subfield>
    <subfield code="y">LIBRO</subfield>
  </datafield>
</record>
